|
|
|
|
| LEADER |
00000nab a2200000 a 4500 |
| 001 |
vtls000461301 |
| 003 |
SK-MaSNL |
| 005 |
20260304235417.0 |
| 008 |
250424c1992 xo 0 slo |
| 015 |
|
|
|a SNBRB19rr/mm-uuuuu
|
| 035 |
|
|
|a CL0461433
|
| 035 |
|
|
|a urn:nbn:sk:snk-ab7afk
|
| 035 |
|
|
|a (uuid)2ebf41f4-7f82-44bb-a4c2-d0833360dcb9
|
| 035 |
|
|
|a (urnnbn)urn:nbn:sk:snk:ar-a07dkg
|
| 035 |
|
|
|a (sysno)vtls000461301
|
| 040 |
|
|
|a SNKBUCL
|b slo
|c SNKBUCL
|e AACR2
|
| 041 |
0 |
|
|a slo
|
| 044 |
|
|
|a xo
|c SK
|
| 080 |
|
|
|a 533.9
|2 1981
|
| 245 |
0 |
0 |
|a E. Rebhan: Heisser als das Sonnenfeuer
|
| 650 |
0 |
7 |
|a fyzika plazmy
|2 snkbucl
|9 50171
|
| 650 |
0 |
7 |
|a jadrová syntéza
|2 snkbucl
|9 114902
|
| 655 |
|
7 |
|a články z novín a časopisov
|2 snkbucl
|9 267496
|
| 700 |
1 |
|
|a Rebhan, E.
|4 aut
|9 1572904
|
| 773 |
0 |
|
|t EUROREHAB
|g Č. 3 (1992), s. 173
|
| 787 |
0 |
8 |
|i Rec.:
|a Rebhan, E.
|t Heisser als das Sonnenfeuer
|d Zürich, Mníchov : Piper Verlag, 1992
|
| 850 |
|
|
|a Slovenská národná knižnica
|
| 852 |
|
|
|a Slovenská národná knižnica
|
| 954 |
|
|
|a odborná, vedecká literatúra pôvodná (slovenská)
|2 lita
|
| 958 |
|
|
|a article27
|
| 958 |
|
|
|a OND
|
| 958 |
|
|
|a RK
|
| 958 |
|
|
|a EUIPO
|
| 992 |
|
|
|a RBX
|
| 999 |
|
|
|c 3208797
|d 3210727
|